000 00625nam a22002177a 4500
003 OSt
005 20250625021323.0
008 250625b |||||||| |||| 00| 0 eng d
020 _a0-201-06937-7
040 _aDWCL - Main lib
_cOC
082 _aCirc. 539 Se17 1978
100 _aMark W. Zemansky
245 _aUniversity physics part 1/
_cMark W. Zemansky
260 _aPhilippines :
_bAddison-Wesley pub., company, inc.,
_cc1978.
300 _ax 405, I-6 p. ;
_c23 cm.
504 _aInclude index.
650 _a1. Physics
700 _aHugh D. Young
700 _aSears , F.W.
942 _2ddc
_cBK-CIRC
_kCirc.
_n0
999 _c3261
_d3261